[Event "NRW Class2 1718"]
[Site "Germany"]
[Date "2017.10.15"]
[Round "2.6"]
[White "Darwisch, Khaled"]
[Black "Schulte Geers, Niklas"]
[Result "0-1"]
[WhiteElo "2078"]
[BlackElo "2054"]
[PlyCount "100"]
[EventDate "2017.09.17"]
[EventType "team-tourn"]
[EventRounds "9"]
[EventCountry "GER"]
[SourceTitle "EXT 2019"]
[Source "ChessBase"]
[SourceDate "2018.10.10"]
[SourceVersion "1"]
[SourceVersionDate "2018.10.10"]
[SourceQuality "1"]
[WhiteTeam "Suedlohn"]
[BlackTeam "Godesberg"]
[WhiteTeamCountry "GER"]
[BlackTeamCountry "GER"]

1. e4 c6 2. d3 d5 3. Nd2 dxe4 4. dxe4 Nf6 5. h3 e5 6. Ngf3 Bc5 7. g3 0-0 8. Bg2 Qe7 9. 0-0 Rd8 10. Qe2 b6 11. Nh4 Ba6 12. c4 b5 13. Nf5 Qe6 14. b3 bxc4 15. bxc4 Nbd7 16. Re1 Nb6 17. Bf1 Bb4 18. Ne3 Bxd2 19. Bxd2 Nxe4 20. Ba5 Rd4 21. Qf3 Nxc4 22. Nxc4 Bxc4 23. Bxc4 Qxc4 24. Rac1 Qd5 25. Bc3 Nxc3 26. Qxc3 Rc8 27. Qa3 Rc7 28. Rc5 Rd1 29. Rxd5 Rxe1+ 30. Kg2 cxd5 31. Qa5 Rec1 32. Qxd5 h6 33. Qxe5 R1c5 34. Qe8+ Kh7 35. h4 g6 36. Qf8 Rf5 37. g4 Rf4 38. Kg3 Rf6 39. Qb4 Rc2 40. f3 Rxa2 41. h5 Raa6 42. hxg6+ Kxg6 43. Qf8 Kh7 44. Qe7 Rac6 45. Kh4 Rf4 46. Qxa7 Rxf3 47. Qd4 Re6 48. Qd7 Ree3 49. g5 Rh3+ 50. Kg4 h5+ 0-1

[Event "Muensterland Regionalliga 1617"]
[Site "Germany"]
[Date "2017.03.11"]
[Round "7.4"]
[White "Darwisch, Khaled"]
[Black "Pollok, Ralf"]
[Result "1-0"]
[WhiteElo "2035"]
[BlackElo "1956"]
[PlyCount "43"]
[EventDate "2016.09.17"]
[EventType "team"]
[EventRounds "9"]
[EventCountry "GER"]
[SourceTitle "EXT 2018"]
[Source "ChessBase"]
[SourceDate "2017.10.13"]
[SourceVersion "1"]
[SourceVersionDate "2017.10.13"]
[SourceQuality "1"]
[WhiteTeam "Suedlohn"]
[BlackTeam "Raesfeld Erle"]
[WhiteTeamCountry "GER"]
[BlackTeamCountry "GER"]

1. e4 d5 2. exd5 Qxd5 3. Nc3 Qd8 4. Bc4 Nf6 5. Nf3 Bf5 6. Ne5 Bg6 7. Qf3 c6 8. d3 e6 9. Bg5 Be7 10. 0-0 0-0 11. Rae1 Nbd7 12. Nxg6 hxg6 13. Qh3 Nc5 14. a4 Qd4 15. b4 Qxc3 16. bxc5 Bxc5 17. Rxe6 Rae8 18. Bxf6 gxf6 19. Rxe8 Rxe8 20. Qh6 Bxf2+ 21. Kxf2 Qd4+ 22. Kf3 1-0

[Event "Muensterland Regionalliga 1516"]
[Site "Germany"]
[Date "2016.05.07"]
[Round "9.4"]
[White "Darwisch, Khaled"]
[Black "Langhans, Joerg"]
[Result "1-0"]
[WhiteElo "2023"]
[BlackElo "1937"]
[PlyCount "53"]
[EventDate "2015.09.05"]
[EventType "team"]
[EventRounds "9"]
[EventCountry "GER"]
[SourceTitle "EXT 2017"]
[Source "ChessBase"]
[SourceDate "2016.10.25"]
[SourceVersion "1"]
[SourceVersionDate "2016.10.25"]
[SourceQuality "1"]
[WhiteTeam "Suedlohn"]
[BlackTeam "Rheine Klein Berlin"]
[WhiteTeamCountry "GER"]
[BlackTeamCountry "GER"]

1. e4 e5 2. d3 Bc5 3. g3 d5 4. Nd2 Nf6 5. h3 dxe4 6. dxe4 Nc6 7. Ngf3 h6 8. Bg2 Be6 9. Qe2 a6 10. c3 Qd7 11. Nc4 Bxc4 12. Qxc4 Bb6 13. 0-0 0-0 14. Nh4 Ne7 15. Kh2 Rad8 16. f4 exf4 17. gxf4 Qd3 18. Qxd3 Rxd3 19. e5 Nfd5 20. Be4 Re3 21. Bxe3 Nxe3 22. Rfe1 c6 23. Re2 N3d5 24. Rf1 f6 25. c4 Ne3 26. Rf3 Nxc4 27. exf6 1-0

[Event "Muensterland Regionalliga 1516"]
[Site "Germany"]
[Date "2016.04.09"]
[Round "8.4"]
[White "Pliete, Christian"]
[Black "Darwisch, Khaled"]
[Result "0-1"]
[WhiteElo "1832"]
[BlackElo "2023"]
[PlyCount "94"]
[EventDate "2015.09.05"]
[EventType "team"]
[EventRounds "9"]
[EventCountry "GER"]
[SourceTitle "EXT 2017"]
[Source "ChessBase"]
[SourceDate "2016.10.25"]
[SourceVersion "1"]
[SourceVersionDate "2016.10.25"]
[SourceQuality "1"]
[WhiteTeam "Raesfeld Erle"]
[BlackTeam "Suedlohn"]
[WhiteTeamCountry "GER"]
[BlackTeamCountry "GER"]

1. e4 d6 2. Bc4 Nf6 3. d3 g6 4. Nc3 Bg7 5. Bg5 c6 6. Bb3 h6 7. Bh4 b5 8. Qd2 b4 9. Nd1 a5 10. Ba4 0-0 11. f4 Nfd7 12. c3 Nc5 13. Bc2 bxc3 14. bxc3 d5 15. e5 f6 16. d4 Ne4 17. Qe3 g5 18. Bg3 fxe5 19. fxe5 Bf5 20. Rc1 Nd7 21. Nf3 Nb6 22. Nd2 Nxd2 23. Qxd2 Nc4 24. Qe2 Bxc2 25. Qxc2 Qd7 26. Bf2 Rf4 27. 0-0 Raf8 28. Qd3 Re4 29. Ne3 Rxf2 30. Nxc4 Rfe2 31. Nb6 Qe6 32. Qf3 Rxa2 33. Rf2 Rxf2 34. Qxf2 Qg4 35. Re1 Rf4 36. Qd2 Qf5 37. Na4 g4 38. Qe3 h5 39. Nc5 Bh6 40. Qe2 h4 41. g3 hxg3 42. hxg3 Rf3 43. Kg2 Bf4 44. Rf1 Rxg3+ 45. Kf2 Re3 46. Qd1 Qh5 47. Rg1 g3+ 0-1

[Event "Muensterland Regionalliga 1516"]
[Site "Germany"]
[Date "2016.01.09"]
[Round "5.5"]
[White "Rebber, Christian"]
[Black "Darwisch, Khaled"]
[Result "1-0"]
[WhiteElo "1870"]
[BlackElo "2023"]
[PlyCount "83"]
[EventDate "2015.09.05"]
[EventType "team"]
[EventRounds "9"]
[EventCountry "GER"]
[SourceTitle "EXT 2017"]
[Source "ChessBase"]
[SourceDate "2016.10.25"]
[SourceVersion "1"]
[SourceVersionDate "2016.10.25"]
[SourceQuality "1"]
[WhiteTeam "Duelmen"]
[BlackTeam "Suedlohn"]
[WhiteTeamCountry "GER"]
[BlackTeamCountry "GER"]

1. e4 d6 2. d4 g6 3. Nc3 Bg7 4. f4 Nc6 5. Nf3 Bg4 6. Be3 Nf6 7. Be2 Nd7 8. Qd2 Bxf3 9. Bxf3 e5 10. d5 Ne7 11. 0-0-0 exf4 12. Bxf4 h6 13. Kb1 g5 14. Be3 Ne5 15. Be2 N7g6 16. Bd4 0-0 17. g3 c5 18. dxc6 bxc6 19. Be3 Qa5 20. Qxd6 Rab8 21. Qc5 Rxb2+ 22. Kc1 Qxc5 23. Bxc5 Rfb8 24. Ba3 R2b7 25. Kd2 g4 26. Ke3 h5 27. Na4 Bf8 28. Bxf8 Nxf8 29. a3 Ne6 30. h3 Re7 31. hxg4 hxg4 32. Rh5 Ng7 33. Rh4 f5 34. Rdh1 Ng6 35. Bc4+ Ne6 36. Rh6 Kg7 37. Rh7+ Kf6 38. Rxe7 Kxe7 39. exf5 Ne5 40. Bxe6 Nf3 41. Rh7+ Kf6 42. Kf4 1-0

[Event "Muensterland Regionalliga 1516"]
[Site "Germany"]
[Date "2015.11.14"]
[Round "3.5"]
[White "Kuhlenbaeumer, Alfred"]
[Black "Darwisch, Khaled"]
[Result "0-1"]
[WhiteElo "1854"]
[BlackElo "2023"]
[PlyCount "72"]
[EventDate "2015.09.05"]
[EventType "team"]
[EventRounds "9"]
[EventCountry "GER"]
[SourceTitle "EXT 2017"]
[Source "ChessBase"]
[SourceDate "2016.10.25"]
[SourceVersion "1"]
[SourceVersionDate "2016.10.25"]
[SourceQuality "1"]
[WhiteTeam "Telgte"]
[BlackTeam "Suedlohn"]
[WhiteTeamCountry "GER"]
[BlackTeamCountry "GER"]

1. e4 d6 2. d4 g6 3. Nc3 Bg7 4. Bc4 Nf6 5. Be3 c6 6. Bb3 0-0 7. Qd2 b5 8. f3 e5 9. Nge2 Qe7 10. 0-0 a5 11. a3 Ba6 12. Rfd1 Nbd7 13. Ng3 Rfd8 14. Qf2 b4 15. Na4 exd4 16. Bxd4 c5 17. Be3 Bb5 18. c4 Bc6 19. Qd2 Ne8 20. Rac1 Rdb8 21. Qc2 Rb7 22. Rb1 Rab8 23. Qe2 bxa3 24. Bc2 a2 25. Ra1 Bxa4 26. Bxa4 Rxb2 27. Qe1 R8b4 28. Bxd7 Qxd7 29. Bxc5 Rxc4 30. Be3 Rcc2 31. Qf1 Rxg2+ 32. Qxg2 Rxg2+ 33. Kxg2 Bxa1 34. Rxa1 Qa4 35. Ne2 Qc2 36. Kf2 Nc7 0-1

[Event "Muensterland Regionalliga 1516"]
[Site "Germany"]
[Date "2015.09.26"]
[Round "2.4"]
[White "Baumann, Stephan"]
[Black "Darwisch, Khaled"]
[Result "0-1"]
[WhiteElo "2046"]
[BlackElo "2023"]
[PlyCount "82"]
[EventDate "2015.09.05"]
[EventType "team"]
[EventRounds "9"]
[EventCountry "GER"]
[SourceTitle "EXT 2017"]
[Source "ChessBase"]
[SourceDate "2016.10.25"]
[SourceVersion "1"]
[SourceVersionDate "2016.10.25"]
[SourceQuality "1"]
[WhiteTeam "Muenster SK III"]
[BlackTeam "Suedlohn"]
[WhiteTeamCountry "GER"]
[BlackTeamCountry "GER"]

1. e4 d6 2. d4 g6 3. Nc3 Bg7 4. Bc4 c6 5. Nf3 Nf6 6. Qe2 0-0 7. Bg5 b5 8. Bd3 h6 9. Bh4 b4 10. Nd1 Nh5 11. Qd2 c5 12. 0-0 cxd4 13. Qxb4 g5 14. Bg3 e5 15. Bc4 a5 16. Qa3 Bb7 17. Re1 Qc7 18. Nd2 Nc6 19. Qf3 Nf4 20. h4 Nb4 21. Rc1 d5 22. c3 dxe4 23. Rxe4 Bxe4 24. Qxe4 Nbd3 25. Rc2 Nc5 26. Qf3 d3 27. Rc1 Ne2+ 28. Kh1 Nxc1 29. hxg5 hxg5 30. Qh5 Qe7 31. Nf3 Ne6 32. Ne3 Nf4 33. Bxf4 exf4 34. Nxg5 Qxg5 35. Qxg5 fxe3 36. Qxe3 Rad8 37. Qxc1 d2 38. Qd1 Rfe8 39. Kh2 Re1 40. Qf3 d1Q 41. Qxf7+ Kh8 0-1

[Event "Muensterland Regionalliga 1415"]
[Site "Germany"]
[Date "2014.10.25"]
[Round "2.4"]
[White "Darwisch, Khaled"]
[Black "Van Ackeren, Franz"]
[Result "1/2-1/2"]
[WhiteElo "2026"]
[BlackElo "1991"]
[PlyCount "93"]
[EventDate "2014.09.20"]
[EventType "team-tourn"]
[EventRounds "9"]
[EventCountry "GER"]
[SourceTitle "EXT 2016"]
[Source "ChessBase"]
[SourceDate "2015.10.08"]
[SourceVersion "1"]
[SourceVersionDate "2015.10.08"]
[SourceQuality "1"]
[WhiteTeam "Suedlohn"]
[BlackTeam "Muenster III"]
[WhiteTeamCountry "GER"]
[BlackTeamCountry "GER"]

1. e4 g6 2. d4 Bg7 3. Nf3 d6 4. Bc4 e6 5. Nc3 Ne7 6. Bg5 h6 7. Be3 a6 8. a4 b6 9. Qd2 Bb7 10. d5 e5 11. g4 Nd7 12. g5 hxg5 13. Nxg5 Nf6 14. f3 Neg8 15. 0-0-0 Qd7 16. Rdf1 Nh6 17. Qe2 Nh5 18. Qd2 b5 19. Bb3 Nf4 20. a5 Qe7 21. Rhg1 Qf6 22. Na2 Ng8 23. Nb4 Rh5 24. Bxf4 Qxf4 25. Qxf4 exf4 26. c3 Bh6 27. h4 Rxh4 28. Rg2 Ne7 29. e5 Bxg5 30. Rxg5 Nf5 31. e6 Ne3 32. Rfg1 Rh6 33. Nd3 fxe6 34. dxe6 Bxf3 35. Nxf4 Nc4 36. Bxc4 bxc4 37. Nxg6 0-0-0 38. e7 Re8 39. Re1 Rh1 40. Rxh1 Bxh1 41. Rg4 Bd5 42. Nf4 Bf7 43. Rg7 Rxe7 44. Nd5 Re5 45. Nb4 Be8 46. Nxa6 Bd7 47. Rg8+ 1/2-1/2

[Event "Muensterland Regionalliga 1415"]
[Site "Germany"]
[Date "2014.09.20"]
[Round "1.5"]
[White "Darwisch, Khaled"]
[Black "Haas, Kai Markus"]
[Result "1/2-1/2"]
[WhiteElo "2026"]
[BlackElo "1978"]
[PlyCount "146"]
[EventDate "2014.09.20"]
[EventType "team-tourn"]
[EventRounds "9"]
[EventCountry "GER"]
[SourceTitle "EXT 2016"]
[Source "ChessBase"]
[SourceDate "2015.10.08"]
[SourceVersion "1"]
[SourceVersionDate "2015.10.08"]
[SourceQuality "1"]
[WhiteTeam "Suedlohn"]
[BlackTeam "Nienberge"]
[WhiteTeamCountry "GER"]
[BlackTeamCountry "GER"]

1. g3 e6 2. Bg2 c5 3. d3 d5 4. Nd2 Nc6 5. e4 g6 6. Ne2 Bg7 7. 0-0 Nge7 8. c3 0-0 9. Nf3 b6 10. exd5 exd5 11. d4 Bb7 12. Bf4 Nf5 13. g4 Nh4 14. Nxh4 Qxh4 15. h3 cxd4 16. cxd4 Qd8 17. Qd2 Re8 18. Be3 Ba6 19. Rfe1 Bxe2 20. Rxe2 Nxd4 21. Ree1 Qf6 22. f4 Ne6 23. Bxd5 Rad8 24. Rad1 Nc7 25. Qg2 Nxd5 26. Rxd5 Qxb2 27. Rxd8 Rxd8 28. Re2 Qb5 29. Qf3 Re8 30. Kf2 Bf8 31. Rc2 Qd3 32. Rd2 Qa3 33. Bd4 Qc1 34. Qd1 Qc4 35. Qc2 Rc8 36. Qxc4 Rxc4 37. Be5 f6 38. Bb8 a5 39. Kf3 Rc8 40. Ba7 Bc5 41. Rd7 Rf8 42. Rb7 Rf7 43. Rb8+ Rf8 44. Rb7 Rd8 45. Bxb6 Rd3+ 46. Ke4 Rd4+ 47. Kf3 Bxb6 48. Rxb6 Ra4 49. Rxf6 Rxa2 50. Ra6 Ra4 51. Ra7 h6 52. h4 Kh8 53. Ra6 Kg7 54. h5 gxh5 55. gxh5 Ra1 56. Kg4 a4 57. Kf5 a3 58. Ra7+ Kf8 59. Kf6 Ke8 60. f5 a2 61. Ra8+ Kd7 62. Kf7 Rf1 63. Rxa2 Rxf5+ 64. Kg6 Rg5+ 65. Kxh6 Rg1 66. Re2 Rg4 67. Kh7 Rg5 68. h6 Rg1 69. Kh8 Rg6 70. h7 Rg3 71. Ra2 Ke7 72. Ra8 Kf7 73. Rg8 Rf3 1/2-1/2

[Event "NRW Class1 1314"]
[Site "Germany"]
[Date "2014.04.06"]
[Round "8.2"]
[White "Becker, Marcel"]
[Black "Darwisch, Khaled"]
[Result "1-0"]
[WhiteElo "2345"]
[BlackElo "1990"]
[PlyCount "63"]
[EventDate "2013.09.15"]
[EventType "team-tourn"]
[EventRounds "9"]
[EventCountry "GER"]
[SourceTitle "EXT 2015"]
[Source "ChessBase"]
[SourceDate "2014.11.20"]
[SourceVersion "1"]
[SourceVersionDate "2014.11.20"]
[SourceQuality "1"]
[WhiteTeam "Oberhausen"]
[BlackTeam "Suedlohn"]
[WhiteTeamCountry "GER"]
[BlackTeamCountry "GER"]

1. d4 d6 2. c4 g6 3. Nc3 Bg7 4. e4 Nc6 5. Be3 e5 6. d5 Nd4 7. Nge2 Nxe2 8. Bxe2 f5 9. exf5 Bxf5 10. c5 Nf6 11. Qa4+ Kf7 12. 0-0 a6 13. Qb3 Qe7 14. Qxb7 Rab8 15. Qxa6 Rxb2 16. Qa3 Rhb8 17. Rac1 Nd7 18. Bc4 R2b4 19. Bb3 Qh4 20. Qa5 Rg4 21. f3 Rgb4 22. c6 Nf6 23. Qxc7+ Kg8 24. g3 Qh3 25. Qxd6 Ne8 26. Qc5 e4 27. d6+ Rxb3 28. axb3 exf3 29. Rxf3 Bg4 30. Rf2 Rxb3 31. Qc4+ Be6 32. d7 1-0

[Event "NRW Class1 1314"]
[Site "Germany"]
[Date "2013.12.08"]
[Round "4.3"]
[White "Darwisch, Khaled"]
[Black "Tkachuk, Konstantyn"]
[Result "0-1"]
[WhiteElo "1990"]
[BlackElo "2236"]
[PlyCount "86"]
[EventDate "2013.09.15"]
[EventType "team-tourn"]
[EventRounds "9"]
[EventCountry "GER"]
[SourceTitle "EXT 2015"]
[Source "ChessBase"]
[SourceDate "2014.11.20"]
[SourceVersion "1"]
[SourceVersionDate "2014.11.20"]
[SourceQuality "1"]
[WhiteTeam "Suedlohn"]
[BlackTeam "Bochum II"]
[WhiteTeamCountry "GER"]
[BlackTeamCountry "GER"]

1. e4 c5 2. Nf3 d6 3. d4 cxd4 4. Nxd4 Nf6 5. Nc3 g6 6. Be2 Bg7 7. Be3 0-0 8. 0-0 Nc6 9. Bf3 Ne5 10. h3 Nc4 11. Bc1 Qb6 12. Nb3 Be6 13. a4 a5 14. Nb5 Rfd8 15. N3d4 Bd7 16. b3 Bxb5 17. Nxb5 Ne5 18. c4 Nxf3+ 19. Qxf3 Qc6 20. Bb2 Qxe4 21. Qxe4 Nxe4 22. Bxg7 Kxg7 23. Rfe1 Nc5 24. Rxe7 Kf8 25. Re3 Re8 26. Rae1 Rxe3 27. Rxe3 Re8 28. Rxe8+ Kxe8 29. Nd4 Ke7 30. Kf1 d5 31. cxd5 Kd6 32. Ke2 Kxd5 33. Ke3 f6 34. f3 g5 35. g3 Ke5 36. Nb5 Nxb3 37. Nc3 Nc5 38. f4+ gxf4+ 39. gxf4+ Kf5 40. Kd4 Ne6+ 41. Ke3 Nxf4 42. Ne4 Ke5 43. Nc5 Nd5+ 0-1

[Event "NRW Class1 1314"]
[Site "Germany"]
[Date "2013.11.17"]
[Round "3.2"]
[White "Mantler, Hendrik"]
[Black "Darwisch, Khaled"]
[Result "1-0"]
[WhiteElo "2180"]
[BlackElo "1990"]
[PlyCount "59"]
[EventDate "2013.09.15"]
[EventType "team-tourn"]
[EventRounds "9"]
[EventCountry "GER"]
[SourceTitle "EXT 2015"]
[Source "ChessBase"]
[SourceDate "2014.11.20"]
[SourceVersion "1"]
[SourceVersionDate "2014.11.20"]
[SourceQuality "1"]
[WhiteTeam "Elberfeld"]
[BlackTeam "Suedlohn"]
[WhiteTeamCountry "GER"]
[BlackTeamCountry "GER"]

1. e4 e5 2. Nf3 d6 3. Bc4 Be6 4. Bxe6 fxe6 5. d4 Nc6 6. d5 exd5 7. exd5 Nce7 8. Ng5 Nf6 9. c4 Qd7 10. 0-0 h6 11. Ne6 g5 12. Nc3 Ng6 13. Nb5 Kf7 14. f4 gxf4 15. g3 Rg8 16. Kh1 c6 17. Nc3 Re8 18. gxf4 exf4 19. Bxf4 Rxe6 20. dxe6+ Qxe6 21. Qf3 Be7 22. Rae1 Qf5 23. Qe3 Qg4 24. Bg3 Ne5 25. Rf4 Qe6 26. c5 Kg7 27. cxd6 Bxd6 28. Rd4 Nfg4 29. Rxg4+ Qxg4 30. Bxe5+ 1-0

[Event "Muensterland op 31st"]
[Site "Senden"]
[Date "2013.10.27"]
[Round "3"]
[White "Darwisch, Khaled"]
[Black "Boehm, Juergen1111"]
[Result "1/2-1/2"]
[WhiteElo "2026"]
[BlackElo "2158"]
[PlyCount "90"]
[EventDate "2013.10.27"]
[EventType "swiss"]
[EventRounds "9"]
[EventCountry "GER"]
[SourceTitle "EXT 2014"]
[Source "ChessBase"]
[SourceDate "2013.11.20"]
[SourceVersion "1"]
[SourceVersionDate "2013.11.20"]
[SourceQuality "1"]

1. e4 e6 2. d4 d5 3. exd5 exd5 4. Nf3 Bg4 5. Be2 Bd6 6. Bg5 f6 7. Bh4 Ne7 8. c4 Nbc6 9. cxd5 Nxd5 10. 0-0 Qd7 11. Nc3 Nce7 12. Ne4 Nf5 13. Nxd6+ Qxd6 14. Nd2 Bxe2 15. Qxe2+ Kf7 16. Ne4 Qe6 17. Rfe1 Rae8 18. Bg3 c6 19. Qf3 Qc8 20. Qxf5 Qxf5 21. Nd6+ Kg6 22. Nxf5 Kxf5 23. f3 Re6 24. Rxe6 Kxe6 25. Re1+ Kd7 26. Re4 Re8 27. Be1 f5 28. Rxe8 Kxe8 29. Bd2 Kd7 30. Kf2 Ke6 31. Ke2 b5 32. Kd3 g6 33. b3 Nb6 34. Ba5 Nd5 35. Bd2 Kd6 36. Kc2 Kc7 37. Kd3 Kd7 38. Kc2 Nc7 39. Kd3 Ne6 40. Be3 a6 41. Kc3 a5 42. Kd3 Kd6 43. Bd2 Kd5 44. Be3 b4 45. g3 Nc7 1/2-1/2

[Event "Muensterland op 31st"]
[Site "Senden"]
[Date "2013.10.27"]
[Round "2"]
[White "Ljuboschiz, Alexander"]
[Black "Darwisch, Khaled"]
[Result "0-1"]
[WhiteElo "2161"]
[BlackElo "2026"]
[PlyCount "68"]
[EventDate "2013.10.27"]
[EventType "swiss"]
[EventRounds "9"]
[EventCountry "GER"]
[SourceTitle "EXT 2014"]
[Source "ChessBase"]
[SourceDate "2013.11.20"]
[SourceVersion "1"]
[SourceVersionDate "2013.11.20"]
[SourceQuality "1"]

1. e4 d6 2. d4 g6 3. Nf3 Bg7 4. Nc3 Nf6 5. h3 0-0 6. Be3 c6 7. Qd2 b5 8. Bd3 Re8 9. 0-0-0 e5 10. dxe5 dxe5 11. Bh6 Bh8 12. Kb1 Qc7 13. g4 Nbd7 14. Rdg1 Nc5 15. Qe3 Ne6 16. Ne2 a6 17. h4 Nd4 18. Nfxd4 exd4 19. Qf3 c5 20. c4 Bb7 21. Bf4 Nxe4 22. Qh3 Qe7 23. Rh2 Be5 24. Bxe5 Qxe5 25. f4 Qd6 26. h5 g5 27. fxg5 Nd2+ 28. Kc2 Nf3 29. Rhh1 Nxg1 30. Rxg1 Re3 31. Qf1 bxc4 32. Bxh7+ Kh8 33. Nf4 d3+ 34. Kd2 Rf3 0-1

[Event "NRW Class1 1314"]
[Site "Germany"]
[Date "2013.10.06"]
[Round "2.2"]
[White "Darwisch, Khaled"]
[Black "Schmitz, Joachim"]
[Result "0-1"]
[WhiteElo "1990"]
[BlackElo "2232"]
[PlyCount "68"]
[EventDate "2013.09.15"]
[EventType "team-tourn"]
[EventRounds "9"]
[EventCountry "GER"]
[SourceTitle "EXT 2015"]
[Source "ChessBase"]
[SourceDate "2014.11.20"]
[SourceVersion "1"]
[SourceVersionDate "2014.11.20"]
[SourceQuality "1"]
[WhiteTeam "Suedlohn"]
[BlackTeam "Duisburg PSV"]
[WhiteTeamCountry "GER"]
[BlackTeamCountry "GER"]

1. e4 c5 2. d3 Nc6 3. g3 g6 4. Bg2 Bg7 5. Ne2 e6 6. 0-0 Nge7 7. c3 d5 8. Nd2 0-0 9. f4 b6 10. e5 f6 11. d4 cxd4 12. cxd4 Nf5 13. Nf3 Ba6 14. Rf2 Qd7 15. g4 Nfe7 16. exf6 Bxf6 17. Ng3 Nc8 18. Ne5 Nxe5 19. dxe5 Bd8 20. f5 Ne7 21. Bg5 exf5 22. gxf5 Nxf5 23. Bxd5+ Kh8 24. e6 Qg7 25. Nxf5 gxf5 26. Bxa8 Bxg5 27. Bg2 Be3 28. Qa4 Bxf2+ 29. Kxf2 Qxb2+ 30. Kf3 Bb7+ 31. Kf4 Qf2+ 32. Ke5 Qe3+ 33. Kd6 Qc5+ 34. Kd7 Bc8# 0-1

[Event "Muensterland Verbandsliga 1213"]
[Site "Germany"]
[Date "2013.03.09"]
[Round "7.3"]
[White "Broemmel, Rudolf"]
[Black "Darwisch, Khaled"]
[Result "1/2-1/2"]
[WhiteElo "1866"]
[BlackElo "1990"]
[PlyCount "115"]
[EventDate "2012.09.22"]
[EventType "team-tourn"]
[EventRounds "9"]
[EventCountry "GER"]
[SourceTitle "EXT 2015"]
[Source "ChessBase"]
[SourceDate "2014.11.20"]
[SourceVersion "1"]
[SourceVersionDate "2014.11.20"]
[SourceQuality "1"]
[WhiteTeam "Raesfeld Erle"]
[BlackTeam "Suedlohn"]
[WhiteTeamCountry "GER"]
[BlackTeamCountry "GER"]

1. Nc3 d5 2. e4 d4 3. Nce2 e5 4. Ng3 Bb4 5. Bc4 c6 6. Nf3 Qe7 7. c3 Bc5 8. b4 Bb6 9. Bb2 Nh6 10. cxd4 exd4 11. Qb3 0-0 12. Nxd4 Nd7 13. Nf3 Bc7 14. Qc3 Nf6 15. 0-0-0 b5 16. Bb3 a5 17. bxa5 Bxa5 18. Qe5 Qxe5 19. Bxe5 Nhg4 20. Bd4 Nd7 21. h3 Ngf6 22. Ne5 c5 23. Nxd7 Nxd7 24. Bb2 c4 25. Bc2 Bb4 26. Bb1 Nc5 27. Rhe1 Be6 28. Nf5 Nd3+ 29. Bxd3 cxd3 30. Bxg7 Rfc8+ 31. Bc3 Rxa2 32. Kb1 Bxc3 33. dxc3 Rxc3 34. Ne7+ Kf8 35. Nd5 Rcc2 36. Rxd3 Rxf2 37. Rb3 Rxg2 38. Rxb5 Rad2 39. Rb8+ Kg7 40. Rb5 Rh2 41. Rg1+ Rdg2 42. Rxg2+ Rxg2 43. Nf4 Rf2 44. Rg5+ Kf6 45. Nxe6 Kxe6 46. Rh5 Rf4 47. Rxh7 Rxe4 48. Kc2 f5 49. Kd3 Kf6 50. Rh8 Kg5 51. Rg8+ Kf4 52. Rh8 Kf3 53. h4 f4 54. h5 Re3+ 55. Kd2 Kf2 56. h6 f3 57. Rf8 Re7 58. Kd3 1/2-1/2

[Event "Muensterland op 30th"]
[Site "Senden"]
[Date "2012.10.07"]
[Round "3"]
[White "Darwisch, Khaled"]
[Black "Steinle, Carsten"]
[Result "0-1"]
[WhiteElo "2009"]
[BlackElo "2200"]
[PlyCount "166"]
[EventDate "2012.10.06"]
[EventType "swiss"]
[EventRounds "9"]
[EventCountry "GER"]
[SourceTitle "EXT 2013"]
[Source "ChessBase"]
[SourceDate "2012.11.22"]
[SourceVersion "1"]
[SourceVersionDate "2012.11.22"]
[SourceQuality "1"]

1. e4 e6 2. d3 b6 3. g3 Bb7 4. Bg2 d5 5. Nd2 Nf6 6. Ne2 c5 7. 0-0 Nc6 8. h3 Be7 9. f4 Qc7 10. e5 Nd7 11. c3 g6 12. Nf3 b5 13. d4 b4 14. Be3 Ba6 15. Rf2 Rb8 16. g4 bxc3 17. bxc3 Rb2 18. Ng3 Rxf2 19. Bxf2 Qa5 20. Qc1 h5 21. gxh5 gxh5 22. f5 h4 23. fxe6 fxe6 24. Nf1 Bd3 25. Ne3 Be4 26. Ng4 Rh5 27. Qe1 Kd8 28. Qe3 c4 29. Qd2 Kc8 30. Re1 Qd8 31. Qd1 Nb6 32. Rxe4 dxe4 33. Nd2 Rh8 34. Nxe4 Nd5 35. Qa4 Qc7 36. Qxc4 Kb8 37. Qb3+ Qb6 38. c4 Qxb3 39. axb3 Nf4 40. Bf1 Nb4 41. Be3 Ng6 42. Nef6 Rd8 43. Bf2 Nc6 44. d5 Ncxe5 45. dxe6 Nxg4 46. Nxg4 Rd6 47. Bg2 Rxe6 48. Bd5 Ra6 49. Bd4 Nf4 50. Be5+ Bd6 51. Bxf4 Bxf4 52. Kf2 Bd6 53. Ke2 Ra3 54. c5 Bxc5 55. Nf6 Be7 56. Ne4 Ra5 57. Bc4 Rf5 58. Nc3 Bc5 59. Ne4 Bd4 60. Kd3 Bb6 61. Be6 Rf3+ 62. Kc4 Kc7 63. Bg4 Re3 64. Nf6 Kd6 65. Bc8 Bd8 66. Nh5 Ke5 67. Ng7 Kf6 68. Nh5+ Kg5 69. Ng7 Bb6 70. Ne6+ Kf6 71. Nf8 Re8 72. Nd7+ Ke7 73. Nxb6 axb6 74. Bb7 Kd6 75. b4 Kc7 76. Bf3 Re3 77. Bg2 Rg3 78. Bf1 Rg5 79. b5 Kd6 80. Kd4 Rg3 81. Kc4 Ke5 82. Kb4 Kd4 83. Ka4 Kc3 0-1

[Event "Muensterland Verbandsliga 1112"]
[Site "Germany"]
[Date "2012.03.17"]
[Round "8.4"]
[White "Darwisch, Khaled"]
[Black "Schaefer, Guenter"]
[Result "1-0"]
[WhiteElo "2001"]
[BlackElo "2014"]
[PlyCount "71"]
[EventDate "2011.09.24"]
[EventType "team-tourn"]
[EventRounds "9"]
[EventCountry "GER"]
[SourceTitle "EXT 2013"]
[Source "ChessBase"]
[SourceDate "2012.11.22"]
[SourceVersion "1"]
[SourceVersionDate "2012.11.22"]
[SourceQuality "1"]
[WhiteTeam "Suedlohn"]
[BlackTeam "Nienberge"]
[WhiteTeamCountry "GER"]
[BlackTeamCountry "GER"]

1. e4 g6 2. d3 Bg7 3. g3 d5 4. Nd2 dxe4 5. dxe4 Nc6 6. Bg2 e5 7. h3 a5 8. Ne2 b6 9. 0-0 Ba6 10. f4 Nd4 11. c4 Nxe2+ 12. Qxe2 Qd4+ 13. Kh2 Rd8 14. fxe5 Ne7 15. e6 0-0 16. exf7+ Kh8 17. Rb1 Nc6 18. b3 Qd7 19. Nf3 Rxf7 20. Bb2 Qe8 21. Ng5 Re7 22. Bxg7+ Kxg7 23. Qf2 Ne5 24. Qf6+ Kg8 25. Rbd1 Nd7 26. Qd4 Bb7 27. h4 h6 28. Nh3 Bxe4 29. Nf4 Bxg2 30. Kxg2 Kh7 31. Rf2 Rc8 32. Rdf1 Ne5 33. Nd5 Rd8 34. Rf8 Qxf8 35. Rxf8 Rxf8 36. Nxe7 1-0